[Event "Portugal Open 2019"]
[Site "Lisbon"]
[Date "2019.02.04"]
[Round "4.28"]
[White "Rocha, Sergio"]
[Black "Eggert, Alberto"]
[Result "1-0"]
[WhiteElo "2354"]
[BlackElo "2132"]
[Annotator "RC"]
[PlyCount "55"]
[EventDate "2019.01.25"]
[EventType "swiss"]
[EventCountry "POR"]
[SourceTitle "playchess.com"]
[Source "ChessBase"]
[SourceQuality "1"]
[TimeControl "5400+30"]

1. d4 {[%emt 0:00:00]} d5 {[%emt 0:01:22]} 2. Nf3 {[%emt 0:00:00]} Nc6 {[%emt 0:00:21]} 3. Bf4 {[%emt 0:00:03]} Bf5 {[%emt 0:00:44]} 4. e3 {[%emt 0:00:11]} e6 {[%emt 0:00:33]} 5. Be2 {[%emt 0:00:56]} Bd6 {[%emt 0:00:44]} 6. O-O {[%emt 0:00:15]} Nge7 {[%emt 0:02:04]} 7. a3 {[%emt 0:02:04]} Ng6 {[%emt 0:09:07]} 8. Bxd6 {[%emt 0:02:13]} cxd6 {[%emt 0:01:15]} 9. Nbd2 {[%emt 0:01:05]} O-O {[%emt 0:01:20]} 10. Ne1 {[%emt 0:01:17]} e5 {[%emt 0:01:02]} 11. c3 {[%emt 0:03:38]} e4 {[%emt 0:03:24]} 12. g3 {[%emt 0:03:00]} Bh3 {[%emt 0:01:21]} 13. Ng2 {[%emt 0:00:09]} Qg5 {[%emt 0:19:13]} 14. Re1 Bxg2 {[%emt 0:06:40]} 15. Kxg2 {[%emt 0:06:05]} f5 {[%emt 0:01:54]} 16. Kh1 {[%emt 0:00:14]} Rf6 {[%emt 0:00:20]} 17. Rg1 {[%emt 0:03:19]} Raf8 {[%emt 0:08:42]} 18. Qf1 {[%emt 0:07:25]} Nge7 {[%emt 0:02:51]} 19. Re1 {[%emt 0:02:10]} h5 {[%emt 0:05:51]} 20. f4 {[%emt 0:04:07]} exf3 {[%emt 0:03:59]} 21. Qxf3 {[%emt 0:05:17]} h4 {[%emt 0:00:17]} 22. Qf4 {[%emt 0:00:41]} Qh6 {[%emt 0:01:27]} 23. gxh4 {[%emt 0:15:30]} Qxf4 {[%emt 0:00:32]} 24. exf4 {[%emt 0:00:05]} Ng6 {[%emt 0:00:17]} 25. Rgf1 {[%emt 0:00:21]} Nxh4 {[%emt 0:04:32]} 26. Nf3 {[%emt 0:00:56]} Ng6 {[%emt 0:01:52]} 27. Ng5 {[%emt 0:00:09]} Re8 {[%emt 0:06:33]} 28. Bc4 {[%emt 0:03:14]} 1-0

[Event "Portugal Open 2019"]
[Site "Lisbon"]
[Date "2019.02.04"]
[Round "4.29"]
[White "Lisowski, Krzysztof"]
[Black "Tryggestad, Andreas Garberg"]
[Result "1-0"]
[WhiteElo "2135"]
[BlackElo "2351"]
[Annotator "RC"]
[PlyCount "67"]
[EventDate "2019.01.25"]
[EventType "swiss"]
[EventCountry "POR"]
[SourceTitle "playchess.com"]
[Source "ChessBase"]
[SourceQuality "1"]
[TimeControl "5400+30"]

1. e4 {[%emt 0:00:00]} c5 {[%emt 0:00:00]} 2. Nf3 {[%emt 0:00:00]} e6 {[%emt 0:00:00]} 3. g3 {[%emt 0:00:34]} Nc6 {[%emt 0:00:49]} 4. Bg2 {[%emt 0:00:57]} Nf6 {[%emt 0:02:22]} 5. d3 {[%emt 0:01:03]} d6 {[%emt 0:06:42]} 6. O-O {[%emt 0:02:38]} g6 {[%emt 0:00:07]} 7. Re1 {[%emt 0:02:12]} Bg7 {[%emt 0:00:18]} 8. c3 {[%emt 0:02:19]} d5 {[%emt 0:01:10]} 9. e5 {[%emt 0:10:31]} Nd7 {[%emt 0:00:16]} 10. d4 {[%emt 0:18:38]} O-O {[%emt 0:00:06]} 11. Nbd2 {[%emt 0:14:30]} b5 {[%emt 0:02:14]} 12. Nf1 {[%emt 0:01:19]} b4 {[%emt 0:00:42]} 13. a3 {[%emt 0:06:09]} cxd4 {[%emt 0:17:37]} 14. cxd4 {[%emt 0:00:45]} Qb6 {[%emt 0:02:17]} 15. h4 {[%emt 0:03:41]} f6 {[%emt 0:01:05]} 16. Bf4 {[%emt 0:09:19]} fxe5 {[%emt 0:08:35]} 17. dxe5 {[%emt 0:00:28]} Ba6 {[%emt 0:03:48]} 18. Ne3 {[%emt 0:09:11]} Rad8 {[%emt 0:14:11]} 19. Ng4 {[%emt 0:08:21]} Rde8 {[%emt 0:21:45]} 20. Rc1 {[%emt 0:03:06]} bxa3 {[%emt 0:02:19]} 21. bxa3 {[%emt 0:00:11]} Kh8 {[%emt 0:05:19]} 22. Bh3 {[%emt 0:00:55]} Na5 {[%emt 0:00:45]} 23. Ng5 {[%emt 0:01:57]} Nc4 {[%emt 0:00:02]} 24. h5 {[%emt 0:02:26]} Nb2 {[%emt 0:00:46]} 25. Qd2 {[%emt 0:00:28]} Nd3 {[%emt 0:00:06]} 26. h6 {[%emt 0:00:21]} N7c5 {[%emt 0:02:54]} 27. hxg7+ {[%emt 0:00:26]} Kxg7 {[%emt 0:00:01]} 28. Nf6 {[%emt 0:00:33]} Re7 {[%emt 0:00:43]} 29. Ngxh7 {[%emt 0:00:41]} Nb3 {[%emt 0:00:33]} 30. Bh6+ {[%emt 0:00:21]} Kh8 {[%emt 0:00:02]} 31. Nxf8 {[%emt 0:00:15]} Rg7 {[%emt 0:00:52]} 32. Qxd3 {[%emt 0:01:03]} Bxd3 {[%emt 0:00:08]} 33. Nxg6+ {[%emt 0:00:06]} Bxg6 {[%emt 0:00:25]} 34. Rc8+ {[%emt 0:00:03]} 1-0

[Event "Portugal Open 2019"]
[Site "Lisbon"]
[Date "2019.02.04"]
[Round "4.30"]
[White "Plichta, Kamil"]
[Black "Maloberti, David"]
[Result "1-0"]
[WhiteElo "2347"]
[BlackElo "2121"]
[Annotator "TA"]
[PlyCount "175"]
[EventDate "2019.01.25"]
[EventType "swiss"]
[EventCountry "POR"]
[SourceTitle "playchess.com"]
[Source "ChessBase"]
[SourceQuality "1"]

{[%evp 23,175,7,10,-2,25,-12,29,24,22,31,72,59,71,72,99,92,133,108,112,95,111,54,68,46,68,68,68,68,77,62,61,26,31,20,70,22,38,10,196,64,64,64,60,64,61,38,63,43,55,44,72,22,75,57,45,22,22,8,8,0,21,9,68,40,40,40,40,40,43,28,28,28,33,33,55,55,55,53,54,33,33,33,29,21,31,34,50,41,50,40,55,29,50,50,287,31,51,29,32,29,43,0,35,29,29,29,30,25,37,41,52,52,52,52,59,72,58,52,52,52,52,52,52,52,52,0,52,52,52,0,170,170,361,363,361,346,346,333,816,810,800,787,801,784,758,885,897,889,29982,29983,29986,29987,29994,29992]} 1. d4 Nf6 2. c4 g6 3. Nc3 Bg7 4. e4 d6 5. Nf3 O-O 6. Be2 e5 7. d5 a5 8. Bg5 h6 9. Bh4 g5 10. Bg3 Nh5 11. Nd2 Nf4 12. O-O {E92: King's Indian: Classical: 6 Be2 e5: 7 dxe5, 7 Be3 and Petrosian System without 7...Nbd7} Na6 {LiveBook: 16 Games} (12... f5 13. exf5 Nxe2+ 14. Qxe2 Bxf5 15. Nde4 Nd7 16. h3 Nf6 17. Bh2 Rf7 18. Nxf6+ Qxf6 19. Ne4 Qg6 20. f3 Bf8 21. Rad1 Re8 22. Ng3 Bd7 23. Qe4 {½-½ (23) Ikonnikov,V (2551)-Grigore,G (2486) Sao Martinho do Porto 2018}) 13. a3 Bd7 14. b3 {White has an edge.} c6 15. f3 $146 ({Predecessor:} 15. dxc6 bxc6 16. Re1 Nc5 17. Nf1 Qc7 18. Ne3 Nxe2+ 19. Rxe2 f5 20. exf5 Bxf5 21. Nxf5 Rxf5 22. Nb5 cxb5 23. Qd5+ Kh7 24. Qxa8 Rf8 25. Qd5 Nxb3 26. Qd3+ {1-0 (26) Foisor,S (2230)-Bodicker,R (1828) Vlissingen 2015}) 15... h5 16. Bf2 c5 17. Rb1 Bh6 18. Re1 Qf6 19. Nf1 Kh8 20. Ne3 Rg8 21. Kh1 Rg7 {[%cal Bg8g7,Bg7h7,Bh7h3][%mdl 32]} 22. g4 (22. Na4 $16) 22... Nh3 23. Bg1 hxg4 24. fxg4 Rh7 25. Rb2 Nf2+ 26. Bxf2 $1 Qxf2 27. Qd2 {And now Rf1 would win.} Bg7 {[%csl Gf2][%cal Rh7h2]} 28. Nf1 Rh3 29. Rc2 Kh7 30. Bd1 Qd4 $2 {[#]} (30... Qxd2 $11 31. Nxd2 Nc7) 31. Re3 ({White must play} 31. Qc1 $1 $18) 31... Rxe3 $1 $14 32. Qxe3 Qxe3 33. Nxe3 Nc7 34. Be2 Rb8 35. Rb2 Ra8 36. Kg2 Na6 37. Nf5 Bf8 (37... Bxf5 $11 {remains equal.} 38. gxf5 Nc7) 38. Na4 (38. Rb1 {is more complex.} Bxf5 39. exf5 f6 40. Rf1 Kg7 41. Rf3) 38... Bxf5 39. gxf5 (39. exf5 {looks sharper.} Be7 40. Nc3 Nb8 41. Ne4 Nd7 42. Bd1) 39... Kg7 40. Nc3 Be7 41. Nd1 Rh8 42. Ne3 f6 (42... Nc7 $11) 43. Kg3 Bf8 44. Nd1 Rh4 45. Bg4 Be7 46. Ne3 Rh8 47. Nc2 Rc8 48. Bh5 Kh6 49. Bf7 Kg7 50. Be6 Rh8 51. Ne3 Rh4 52. Ng4 Rh8 53. Bd7 Rd8 54. Bb5 Rb8 55. Ne3 Kf7 56. h3 Bf8 57. Rb1 Bh6 58. Ng4 Kg7 $2 ({Black should play} 58... Bg7 $14) 59. Nf2 $2 (59. Kf3 $18) 59... Kf7 60. Nd3 Ra8 61. Bd7 Ke7 62. Bb5 Nc7 63. Kg4 Bg7 64. Ne1 Rh8 65. Nf3 Ra8 66. Ba4 Na6 67. h4 gxh4 68. Nxh4 Nc7 69. Ng6+ Kf7 70. Bd7 Bh6 71. Kf3 Kg7 72. Ke2 Rd8 73. Bb5 Ra8 74. Kd3 (74. Rg1 $14) 74... Ra7 (74... Nxb5 $11 75. cxb5 a4) 75. Rg1 {Strongly threatening Nxe5+.} Bg5 76. Rh1 ({White should try} 76. Bd7 $14) 76... Bh6 $2 {[#]} (76... Nxb5 $11 {and Black has nothing to worry.} 77. cxb5 a4) 77. Nf8 $1 $18 {[%cal Rf8e6]} Kxf8 $2 (77... Nxb5 78. Ne6+ (78. cxb5 Kxf8 79. Rxh6 Kg7 $11) 78... Kh7) 78. Rxh6 {[%mdl 4096] Endgame KRB-KRN} Kg7 79. Rg6+ Kf7 80. Bd7 Ra8 $2 (80... Ke7 81. Rg7+ Kf8) 81. Be6+ Ke7 82. Rg7+ Kd8 83. Rd7+ Kc8 84. Rxd6+ Kb8 85. Rd7 {Threatens to win with d6.} b5 86. d6 {White mates.} bxc4+ 87. Kxc4 Na6 88. Rd8+ {Precision: White = 41%, Black = 28%.} 1-0

[Event "Portugal Open 2019"]
[Site "Lisbon"]
[Date "2019.02.04"]
[Round "4.31"]
[White "Pantzar, Milton"]
[Black "Pires, Emanuel Joao Robart"]
[Result "1-0"]
[WhiteElo "2331"]
[BlackElo "2115"]
[Annotator "TA"]
[PlyCount "83"]
[EventDate "2019.01.25"]
[EventType "swiss"]
[EventCountry "POR"]
[SourceTitle "playchess.com"]
[Source "ChessBase"]
[SourceQuality "1"]

{[%evp 12,83,24,35,107,113,106,106,112,106,94,79,71,86,97,97,104,81,97,116,107,111,108,99,102,98,94,37,42,20,57,10,45,20,81,41,163,72,118,117,283,281,512,517,535,544,486,405,404,391,404,392,392,390,382,365,610,600,614,602,29946,29947,5397,1996,29973,29972,5247,6122,29985,29986,29986,29987,29986,29987]} 1. e4 $146 (1. d4 Nf6 2. c4 g6 3. Nc3 Bg7 4. e4 d6 {1-0 (31) Korobov,A (2698)-Grischuk,A (2771) St Petersburg 2018}) ({Predecessor:} 1. d4 Nf6 2. c4 g6 3. Nc3 Bg7 4. e4 d6 {1-0 (56) Lenic,L (2632)-Housieaux,D (2452) Sibenik 2012}) 1... d6 2. d4 Nf6 3. f3 g6 4. c4 Bg7 5. Nc3 O-O 6. Be3 (6. Nge2 a6 {1-0 (31) Korobov,A (2698)-Grischuk,A (2771) St Petersburg 2018}) 6... a6 7. Nge2 c5 {E81: King's Indian: Sämisch: 6th move deviations (including 6 Be3 c6)} (7... c6 $14) (7... b5 8. cxb5 axb5 9. Nxb5 Nbd7 10. Nbc3 c6 11. Nc1 e5 12. Be2 Nh5 13. O-O exd4 14. Bxd4 Nf4 15. Bxg7 {1-0 (31) Korobov,A (2698)-Grischuk,A (2771) St Petersburg 2018}) 8. dxc5 $16 ({Predecessor:} 8. Qd2 Qc7 9. Rd1 Nbd7 10. dxc5 dxc5 11. Nf4 e6 12. Nd3 b6 13. Bf4 Qc6 14. Nf2 Re8 15. Bh6 e5 16. Nd5 Nf8 17. h3 Kh8 {1-0 (56) Lenic,L (2632)-Housieaux,D (2452) Sibenik 2012}) 8... dxc5 9. Qxd8 Rxd8 {White is better.} 10. Bxc5 Nc6 11. Nd5 Nxd5 12. cxd5 Ne5 {White must now prevent ...Nd3+.} 13. Nc3 e6 14. Bb6 Re8 15. Rd1 f5 16. d6 Nd7 17. Bd4 b5 18. Bxg7 Kxg7 19. a4 ({White should play} 19. Be2 $16) 19... bxa4 $14 20. Nxa4 Rb8 21. Rd4 Rd8 22. Be2 $36 {[%mdl 2048] Black is under pressure.} Kf6 (22... e5 $11 {keeps the balance.} 23. Rc4 Nf8) 23. Kf2 Bb7 {[#]} ({Black should try} 23... e5 $1 $14 24. Rd2 fxe4) 24. Rc1 (24. exf5 $1 $18 {is more deadly.} gxf5 25. Rc1) 24... fxe4 25. fxe4 Ke5 $2 {[#]} (25... e5 $16 {was necessary.} 26. Rdc4 Nf8) 26. Ke3 $1 $18 Rdc8 $2 (26... Kf6 {was called for.} 27. h4 h5) 27. Rc7 Bc6 28. Bxa6 Rb3+ 29. Nc3 Rxc7 30. dxc7 Nb6 31. c8=Q Nxc8 32. Bxc8 Rxb2 33. Rc4 Ba8 $2 (33... Rb6 34. Rc5+ Kd6) 34. Ra4 Bc6 35. Ra6 Rxg2 36. Rxc6 {[%csl Gc8][%cal Rc6e6]} Kf6 37. Bxe6 {Intending Bh3+ and mate.} Rxh2 38. Nd5+ Kg5 39. Rc1 h5 40. e5 {White mates.} Ra2 41. Rg1+ Kh6 {[#]} 42. Rxg6+ $3 {Accuracy: White = 57%, Black = 32%.} 1-0

[Event "Portugal Open 2019"]
[Site "Lisbon"]
[Date "2019.02.04"]
[Round "4.32"]
[White "Bruaset, Eivind"]
[Black "Pastar, Slaven"]
[Result "1/2-1/2"]
[WhiteElo "2124"]
[BlackElo "2330"]
[Annotator "NA RC"]
[PlyCount "70"]
[EventDate "2019.01.25"]
[EventType "swiss"]
[EventCountry "POR"]
[SourceTitle "playchess.com"]
[Source "ChessBase"]
[SourceQuality "1"]
[TimeControl "5400+30"]

1. e4 {[%emt 0:02:57]} b6 {[%emt 0:00:37]} 2. d4 {[%emt 0:00:12]} Bb7 {[%emt 0:00:01]} 3. Bd3 {[%emt 0:00:09]} e6 {[%emt 0:00:02]} 4. Nf3 {[%emt 0:00:18]} c5 {[%emt 0:01:43]} 5. c3 {[%emt 0:00:15]} Nf6 {[%emt 0:00:34]} 6. e5 {[%emt 0:00:51]} Nd5 {[%emt 0:05:12]} 7. Be4 {[%emt 0:12:16]} c4 {[%emt 0:06:32]} 8. Qc2 {[%emt 0:07:35]} h6 {[%emt 0:03:59]} 9. O-O {[%emt 0:02:52]} b5 {[%emt 0:15:52]} 10. Nbd2 {[%emt 0:01:22]} Qc7 {[%emt 0:06:10]} 11. Re1 {[%emt 0:02:48]} d6 {[%emt 0:02:00]} 12. b3 {[%emt 0:06:53]} Nd7 {[%emt 0:03:26]} 13. Ba3 {[%emt 0:06:51]} (13. Rb1 $16) 13... N7b6 {[%emt 0:06:13]} (13... Rc8 $14) 14. bxc4 {[%emt 0:03:11]} bxc4 {[%emt 0:03:54]} 15. Rab1 {[%emt 0:02:42]} Rc8 {[%emt 0:05:58]} 16. g3 {[%emt 0:08:54]} Be7 {[%emt 0:00:48]} 17. exd6 {[%emt 0:01:16]} Bxd6 {[%emt 0:00:23]} 18. Bxd6 {[%emt 0:00:06]} Qxd6 {[%emt 0:00:18]} 19. Ne5 {[%emt 0:00:28]} O-O {[%emt 0:05:34]} 20. a4 {[%emt 0:01:48]} Ba6 {[%emt 0:04:58] [#]} (20... Qc7 $16) 21. Bh7+ $1 {[%emt 0:10:59]} Kh8 {[%emt 0:00:38] [#]} 22. Ne4 $1 {[%emt 0:00:06]} Qe7 {[%emt 0:15:47]} 23. f4 $2 {[%emt 0:06:24]} ({White should play} 23. Nc5 $18) 23... Nd7 $16 {[%emt 0:04:06]} 24. f5 {[%emt 0:08:41]} Nxe5 {[%emt 0:05:30]} 25. dxe5 {[%emt 0:00:16]} Rc6 {[%emt 0:01:08]} 26. Nd6 {[%emt 0:03:15]} exf5 {[%emt 0:00:36]} 27. Qxf5 {[%emt 0:00:47]} g6 {[%emt 0:00:52]} 28. Bxg6 {[%emt 0:00:15]} fxg6 {[%emt 0:00:01]} 29. Qxg6 {[%emt 0:00:01]} Qg7 {[%emt 0:00:56]} 30. Nf7+ {[%emt 0:00:43]} Qxf7 {[%emt 0:00:13]} 31. Qxc6 {[%emt 0:00:10]} Qf2+ {[%emt 0:00:51]} 32. Kh1 {[%emt 0:00:03]} Qf3+ {[%emt 0:00:27]} 33. Kg1 {[%emt 0:00:01]} Qf2+ {[%emt 0:00:37]} 34. Kh1 {[%emt 0:00:01]} Qf3+ {[%emt 0:00:29]} 35. Kg1 {[%emt 0:00:02]} Qf2+ {[%emt 0:00:25]} 1/2-1/2

[Event "Portugal Open 2019"]
[Site "Lisbon"]
[Date "2019.02.04"]
[Round "4.33"]
[White "Thompson, Ian D"]
[Black "Fus, Jakub"]
[Result "1/2-1/2"]
[WhiteElo "2122"]
[BlackElo "2326"]
[Annotator "TA"]
[PlyCount "70"]
[EventDate "2019.01.25"]
[EventType "swiss"]
[EventCountry "POR"]
[SourceTitle "playchess.com"]
[Source "ChessBase"]
[SourceQuality "1"]

{[%evp 17,70,3,0,0,22,-20,-22,-19,-18,-15,-16,-18,-15,-24,-19,-18,0,0,0,0,0,0,12,0,3,0,0,0,0,0,0,0,7,0,0,0,0,0,36,0,0,0,0,-14,-14,-20,15,-8,0,-7,21,14,21,5,21]} 1. c4 c5 $146 ({Predecessor:} 1... g6 2. g3 Bg7 3. Bg2 c5 4. e3 Nc6 5. Ne2 e5 {0-1 (84) Kapov,A (2187)-Krylov,M (2516) Moscow 2010}) 2. Nc3 Nc6 3. g3 g6 4. Bg2 Bg7 5. e3 e5 6. Nge2 Nge7 7. a3 ({Predecessor:} 7. O-O O-O 8. d3 d6 {0-1 (84) Kapov,A (2187)-Krylov,M (2516) Moscow 2010}) 7... O-O 8. O-O d6 9. d3 Be6 10. Nd5 {A36: Symmetrical English vs ...g6: 4 Bg2 Bg7} Qd7 11. Qa4 Nxd5 12. cxd5 Nd4 $1 {[%cal Rd4e2]} 13. Qd1 Nxe2+ 14. Qxe2 Bh3 ({Predecessor:} 14... Bg4 15. f3 Bh3 16. Bxh3 Qxh3 17. e4 a5 {0-1 (84) Kapov,A (2187)-Krylov,M (2516) Moscow 2010}) 15. Bxh3 Qxh3 16. e4 Qd7 17. b4 cxb4 18. axb4 f5 19. f3 Qb5 20. Be3 f4 21. Bxa7 b6 {[#] ...Rf7 is the strong threat.} 22. Qf2 fxg3 23. hxg3 Qxd3 {White must now prevent ...Bh6.} 24. Rad1 Qc3 25. Rc1 Qxb4 26. Qxb6 Qa3 27. Ra1 Qd3 28. Rad1 Qe2 {The position is equal.} 29. Qe3 Qb5 30. Rb1 Qd7 31. Bb6 Rab8 (31... Qh3 $5 {[%cal Rh3g3]} 32. Qf2 Ra3 $15) 32. Ba5 Ra8 33. Be1 Rf7 34. Kg2 Bf6 35. Bf2 Rff8 {Accuracy: White = 45%, Black = 43%.} 1/2-1/2

[Event "Portugal Open 2019"]
[Site "Lisbon"]
[Date "2019.02.04"]
[Round "4.34"]
[White "Terryn, Ezra"]
[Black "Godzwon, Iwo"]
[Result "1-0"]
[WhiteElo "2116"]
[BlackElo "2322"]
[Annotator "NA RC"]
[PlyCount "75"]
[EventDate "2019.01.25"]
[EventType "swiss"]
[EventCountry "POR"]
[SourceTitle "playchess.com"]
[Source "ChessBase"]
[SourceQuality "1"]
[TimeControl "5400+30"]

{[%evp 8,66,-31,-27,-15,32767,32767,32767,32767,-36,-4,32767,85,126,136,71,32767,32767,239,295,32767,410,406,289,410,497,425,552,483,340,32767,397,32767,447,906,32767,916,241,391,130,212,158,887,32767,32767,32767,32767,32767,32767,32767,32767,32767,32767,32767,32767,32767,32767,5590,32767,32767,1341]} 1. e4 {[%emt 0:00:00]} c5 {[%emt 0:00:00]} 2. d4 {[%emt 0:00:26]} cxd4 {[%emt 0:00:00]} 3. c3 {[%emt 0:00:08]} dxc3 {[%emt 0:00:00]} 4. Nxc3 {[%emt 0:00:07]} e6 {[%emt 0:00:00]} 5. Nf3 {[%emt 0:00:54]} a6 {[%emt 0:00:00]} 6. Bc4 {[%emt 0:00:09]} b5 {[%emt 0:00:00]} 7. Bb3 {[%emt 0:00:09]} Bb7 {[%emt 0:00:00]} 8. O-O {[%emt 0:00:15] B21: Sicilian: 2 f4 and Morra Gambit} d6 {[%emt 0:01:43]} (8... Ne7 9. Bg5 f6 10. Be3 Ng6 11. a4 b4 12. Nd5 exd5 13. exd5 Bd6 14. Nd4 Ne7 15. Re1 Kf8 16. Qd2 Qa5 17. Bf4 Qc7 18. Rxe7 Bxf4 19. Qe2 Bxh2+ 20. Kh1 Be5 21. Ne6+ {1-0 (21) Berg,E (2579)-Luch,M (2448) Porto 2016}) 9. Ng5 {[%emt 0:09:02]} h6 $146 {[%emt 0:16:42]} ({Predecessor:} 9... Be7 10. f4 Bxg5 11. fxg5 Ne7 12. Bf4 O-O 13. Qxd6 Nbc6 14. Qc5 Qd4+ 15. Be3 Qxc5 16. Bxc5 {½-½ (27) Esserman,M (2474)-Bartel,M (2260) Warsaw 2016}) 10. Qh5 {[%emt 0:01:59]} ({Weaker is} 10. Nxf7 Kxf7 11. f4 (11. Qg4 $2 Qe7 $19) (11. Qh5+ g6 $17) 11... Nc6 $15) 10... g6 {[%emt 0:00:03]} 11. Qh3 {[%emt 0:00:24]} Qf6 {[%emt 0:10:15]} 12. Nxf7 {[%emt 0:06:49]} Kxf7 {[%emt 0:06:01] [#]} 13. f4 $1 {[%emt 0:00:43]} Qe7 {[%emt 0:22:37]} 14. f5 {[%emt 0:02:11]} Nf6 {[%emt 0:01:15]} 15. fxg6+ {[%emt 0:08:22]} Ke8 {[%emt 0:01:49]} 16. Bxe6 {[%emt 0:02:45]} Bg7 {[%emt 0:01:29]} 17. Bf4 {[%emt 0:11:52]} Nbd7 {[%emt 0:02:20]} 18. Nd5 {[%emt 0:14:33]} Bxd5 {[%emt 0:02:46]} 19. exd5 {[%emt 0:02:00]} Ne5 {[%emt 0:02:48]} 20. Rae1 {[%emt 0:01:42]} Kd8 {[%emt 0:12:26]} (20... Rb8 $142 21. Qa3 Qc7 22. Qxa6 Rb6) 21. Bxe5 {[%emt 0:09:22]} dxe5 {[%emt 0:00:04]} 22. Rxe5 $2 {[%emt 0:00:44]} (22. d6 Qb7 23. Qc3) 22... Ng4 {[%emt 0:02:53]} (22... Rf8 $142) 23. Re2 $2 {[%emt 0:02:17]} (23. Qxg4 $18 {is more deadly.} Qc5+ 24. Kh1 Bxe5 25. g7) 23... Ne5 {[%emt 0:00:47]} (23... Bd4+ $16 24. Kh1 Rf8) 24. Rc2 {[%emt 0:04:46]} Nc4 $2 (24... Rf8) 25. Rf7 {[%emt 0:06:06]} Qc5+ {[%emt 0:10:10]} 26. Kh1 {[%emt 0:00:02]} Ra7 {[%emt 0:00:02]} 27. Qh4+ {[%emt 0:02:46]} Ke8 {[%emt 0:00:09]} 28. Qf4 {[%emt 0:00:40]} Qb6 {[%emt 0:02:16]} 29. b3 {[%emt 0:03:04]} Be5 {[%emt 0:01:52]} 30. g7 {[%emt 0:02:10]} Bxg7 {[%emt 0:00:02]} 31. bxc4 {[%emt 0:00:05]} Rf8 {[%emt 0:00:03]} 32. c5 {[%emt 0:02:44]} Qd8 33. Bd7+ {[%emt 0:03:10]} Qxd7 {[%emt 0:01:23]} 34. Re2+ {[%emt 0:00:06]} Qe7 {[%emt 0:00:02]} 35. Rexe7+ {[%emt 0:00:44]} Rxe7 {[%emt 0:00:02]} 36. Rxe7+ {[%emt 0:00:08]} Kxe7 {[%emt 0:00:02]} 37. Qd6+ {[%emt 0:00:21]} Ke8 {[%emt 0:00:05]} 38. g4 {[%emt 0:00:43]} 1-0

[Event "Portugal Open 2019"]
[Site "Lisbon"]
[Date "2019.02.04"]
[Round "4.35"]
[White "Napoli, Nicolo"]
[Black "Froewis, Annika"]
[Result "0-1"]
[WhiteElo "2316"]
[BlackElo "2104"]
[Annotator "TA"]
[PlyCount "52"]
[EventDate "2019.01.25"]
[EventType "swiss"]
[EventCountry "POR"]
[SourceTitle "playchess.com"]
[Source "ChessBase"]
[SourceQuality "1"]

{[%evp 12,52,-17,-12,31,14,47,45,44,19,28,20,11,-3,24,0,0,-19,-18,-28,-33,-40,8,-10,-14,-4,-11,-81,-87,-96,-70,-483,29,-486,-476,-481,-472,-556,-552,-649,-662,-646,-646]} 1. d4 ({Predecessor:} 1. e4 d5 2. exd5 Qxd5 3. d4 Nf6 4. Nc3 Qa5 5. Bd2 c6 6. Qe2 Qc7 7. Ne4 Nxe4 8. Qxe4 {½-½ (43) Titli,V (1960)-Kosten Forintos,G Torcy 1991}) 1... d5 $146 (1... Nf6 2. Nc3 {1-0 (55) Graf,F (2488)-Heberla,B (2567) Germany 2014}) 2. Nc3 Nf6 3. Bg5 Nbd7 4. Qd3 c6 5. e4 dxe4 6. Nxe4 Nxe4 7. Qxe4 Qa5+ {D01: Veresov Opening} (7... Qb6 8. b3 Nf6 9. Qd3 g6 10. Bxf6 exf6 11. Qe3+ Be7 12. Bc4 Qa5+ 13. Kf1 b5 14. Bd3 Be6 15. Ne2 {1-0 (55) Graf,F (2488)-Heberla,B (2567) Germany 2014}) 8. Bd2 Qc7 9. Bd3 Nf6 {White is slightly better.} 10. Qe2 Bg4 11. f3 Bh5 12. O-O-O ({Predecessor:} 12. Nh3 Bg6 13. Nf4 Bxd3 14. Nxd3 {½-½ (43) Titli,V (1960)-Kosten Forintos,G Torcy 1991}) 12... O-O-O 13. Qf2 Bg6 14. Bc4 e6 $36 {[%mdl 2048] Black has some pressure.} 15. Ne2 c5 16. Bf4 Qa5 17. Nc3 cxd4 18. Rxd4 Bc5 19. Bxe6+ (19. Rxd8+ $11 Rxd8 20. Qe2) 19... fxe6 $17 20. Rc4 b6 {...Kb7 is the strong threat.} 21. b4 $2 {[%mdl 8192]} (21. Qe1 $1 $15 Kb7 22. Ra4) 21... Qa3+ $19 22. Kb1 {[#]} Qxb4+ $1 {[%mdl 512] Black is clearly winning.} 23. Rxb4 Bxf2 24. a4 Kb7 25. a5 Nd5 26. Nxd5 Rxd5 {Accuracy: White = 33%, Black = 74%.} 0-1

[Event "Portugal Open 2019"]
[Site "Lisbon"]
[Date "2019.02.04"]
[Round "4.36"]
[White "Kowalski, Igor"]
[Black "Jazdanovs, Aleksandrs"]
[Result "1-0"]
[WhiteElo "2296"]
[BlackElo "2100"]
[Annotator "TA"]
[PlyCount "37"]
[EventDate "2019.01.25"]
[EventType "swiss"]
[EventCountry "POR"]
[SourceTitle "playchess.com"]
[Source "ChessBase"]
[SourceQuality "1"]

{[%evp 9,37,25,55,47,57,42,66,33,28,46,75,62,76,55,177,172,191,173,182,197,187,221,464,471,540,537,918,654,805,341]} 1. d4 Nf6 2. c4 c5 3. d5 b5 4. cxb5 a6 5. bxa6 g6 6. Nc3 {A58: Benko/Volga Gambit: Lines with 5 bxa6} Bg7 7. e4 {Threatens to win with e5.} O-O 8. e5 {[#] Black must now prevent a7.White is slightly better.} Ne8 9. h4 d6 10. e6 fxe6 11. h5 $36 {[%mdl 2048] White fights for an advantage.} e5 $146 (11... gxh5 $1 $14 12. Qxh5 Nf6) ({Predecessor:} 11... g5 12. h6 Bf6 13. Nf3 Bxa6 14. Nxg5 Bxf1 15. Kxf1 Bxg5 16. Bxg5 {1-0 (23) So,W (2780)-Vidit,S (2718) chess.com INT 2018}) 12. hxg6 $18 hxg6 13. Bd3 Bf5 14. g4 Bxd3 15. Qxd3 e6 $2 {[#]} (15... Nf6 16. Qxg6 Qe8) 16. Qxg6 {White is clearly winning.} exd5 17. Nxd5 Rf7 18. Nh3 Qh4 19. Qxf7+ {Accuracy: White = 72%, Black = 39%.} (19. Be3 $142 Nd7 20. O-O-O) 1-0